| 000 | 00465nam a2200145Ia 4500 | ||
|---|---|---|---|
| 999 |
_c20948 _d20948 |
||
| 082 | _aRJ.0031 | ||
| 100 | _aJha, N. | ||
| 245 | 0 | _aStudy in pattern of employment of Bhagalpur University graduates for the years 1964, 1968 and 1972 | |
| 260 |
_c1978 _bICSSR, New Delhi |
||
| 300 | _a160p. | ||
| 650 | _aEMPLOYMENT AND UNEMPLOYMENT - BIHAR - BHAGALPUR | ||
| 650 | _aBHAGALPUR UNIVERSITY - STUDENTS - EMPLOYMENT | ||
| 710 | _aBhagalpur University | ||
| 942 |
_cRP _2ddc |
||